| 000 | 00728nas a2200253 4500 | ||
|---|---|---|---|
| 001 | BR7100308 | ||
| 003 | BR-BrBNA | ||
| 005 | 20231205082330.0 | ||
| 007 | ta | ||
| 008 | 230509b bl.|||p| |||| 00| 00por d | ||
| 040 |
_aBR-BrBNA _bpor _cBiblioteca Nacional de Agricultura |
||
| 041 | _a(Pt) | ||
| 072 | _aH60 | ||
| 100 | 1 | _aBettiol, A. | |
| 245 | 1 | _aCaracteristicas botanicas do "capim arroz" [Rio Grande do Sul, Brasil] | |
| 650 | _aERVA DANINHA | ||
| 650 | _aARROZ | ||
| 650 | _aCAPIM ARROZ | ||
| 650 | _aRIO GRANDE DO SUL | ||
| 650 | _aBOTANICA | ||
| 773 | 0 |
_tLavoura Arrozeira (Brazil) _xISSN 0023-9143 _g(May 1971), v. 24(261) p. 49 _wBR7100308 |
|
| 909 |
_a202311 _bLúcia _c55 _dLúcia Elande |
||
| 942 |
_2AGRIS _n0 _cANA |
||
| 999 |
_c90961 _d90961 |
||